00741nam a2200169 i 4500001000700000003000900007005001700016008004100033245023700074260004800311300003000359490004500389505003600434700003800470830004200508852002100550170830ES-MaACL20250808062747.0090408s1955 sp |||| | spa d03aLa palabra de Cristo b: Verbum Vitae : Repertorio orgánico de textos para el estudio de la homilías dominicales y festivas. nT. VII / celaborado por una comisión de autores bajo la dirección de Mons. Ángel Herrera Oria. aMadrid : bLa Editorial Católica, c1955. aXXIII, 1244 p. ; c20 cm.1 aBiblioteca de autores cristianos ; v1408 aContiene : Pentescostés (3º)1 aHerrera Oria, Ángel,d1886-196800aBiblioteca de autores cristianosv140 aES-MaACLjJ-138